| 000 | 00663nam a2200193 a 4500 | ||
|---|---|---|---|
| 001 | 000033653 | ||
| 003 | DO-SdBNP | ||
| 005 | 20211101094746.0 | ||
| 008 | 110905s1960 dr 000 0 spa d | ||
| 040 |
_aDO-SdBNP _bspa _cBNPHU |
||
| 049 | _aBNPD | ||
| 082 | 4 |
_axxxx _bA668t _222 |
|
| 100 | 1 |
_aArce Medina, Juan _949524 |
|
| 245 | 1 | 3 |
_aEl tratado Trujillo-Hull en su perspectiva histórica / _cJuan Arce Medina. |
| 260 |
_aCiudad Trujillo, República Dominicana : _bDel Caribe, _c1960. |
||
| 300 |
_a16 p. ; _c24 cm. |
||
| 500 | _aConferencia pronunciada por el autor en el auditorio del Partido Dominicano, el día 24 de septiembre de 1959 | ||
| 942 |
_2ddc _cLBS1 |
||
| 999 |
_c33144 _d33144 |
||